000 00709nam a22002057a 4500
999 _c9110
_d9110
003 AR-CdUCM
008 190327b ||||| |||| 00| 0 spa d
040 _aMUNICIPALIDAD PROVINCIAL DEL CUSCO
_cBIBLIOTECA MUNICIPAL DEL CUSCO
082 _a869.56 /
_bF91
100 _aFuente, Nicanor de la
_925118
245 _aEl libro de los Transitos Eternos :
_bPoema de Nicanor A. de la Fuente /
260 _aCusco :
_bImprenta Castillo ,
_c1943.
300 _a18 páginas ;
_c11.7 cm.
500 _aContiene dedicatoria del mismo autor del libro a Luis Nieto
650 _aPoesia Cusqueña
_92323
650 _aPoesia Peruana
_9280
650 _aPoesia Latinoamericana
_92147
942 _2ddc
_cLIBROS
945 _artm